000 01125nas a2200361 4500
001 BR2012009879
003 BR-BrBNA
005 20231205121717.0
007 ta
008 230509b bl.|||p| |||| 00| 00por d
040 _aBR-BrBNA
_bpor
_cBiblioteca Nacional de Agricultura
041 _a(Pt)
072 _aF61
100 1 _aOliveira, A.S. de
100 1 _aGaio, D.C.
100 1 _aWyrepkowski, C.C.
100 1 _aCampelo Júnior, J.H.
100 1 _aLobo, F. de A.
100 1 _aNogueira, J. de S.
100 1 _aSanches, L.
100 1 _aPalú, A.E.R.
100 1 _aRodrigues, V.
245 1 _aEficiência de utilização da radiação fotossinteticamente ativa na produção de matéria seca de uma pastagem mista no cerrado de Mato Grosso
650 _aFOTOSSÍNTESE
650 _aMATÉRIA SECA
650 _aPASTAGEM
650 _aRADIAÇÃO
650 _aCERRADO
650 _aMATO GROSSO
773 0 _tRevista Brasileira de Agrometeorologia (Brazil)
_xISSN 0104-1347
_g(Sep-Dez 2007), v. 15(3) p. 299-303
_wBR2012009879
909 _a202311
_bLúcia
_c55
_dLúcia Elande
942 _2AGRIS
_n0
_cANA
999 _c224845
_d224845